000 00755nam a2200169 a 4500
008 120416s1975 ||||||||||||||||| || u
050 _aHF 5391 Aut
100 _aBrooks, John
245 1 4 _aThe autobiography of American business: the story told by those who make it
_cedited by John Brooks
260 _aNew York:
_bAnchor Books
_c1975
300 _axxi, 369p.
350 _a0.00
650 0 _aBUSINESS
650 _aAUTOBIOGRAPGHY, AMERICAN BUSINESS
995 _aBINDERY (DAMAGED)
_D0.00
_e704795
_FCBU-MAIN LIBRARY (Kitwe)
_H2
_I0.00
_jHF 5391 Aut
_M2
_UDAMAGED
_y004871
_ZMain Library Open Access Collection
995 _aBINDERY (DAMAGED)
_D0.00
_e704794
_FCBU-MAIN LIBRARY (Kitwe)
_H1
_I0.00
_jHF 5391 Aut
_M1
_UDAMAGED
_y004870
_ZMain Library Open Access Collection
999 _c84473
_d84473